000
00282nam a2200109Ia 4500
008
220204s9999 xx 000 0 und d
082
_a
678:681.3
_b
MAT
245
0
_a
Computers in polymer science
260
_a
New York
_b
Marcel Dekker
_c
1977
700
_a
Mattson, James S
942
_c
BK
999
_c
26319
_d
26319